Freddie and Stella got hot / (Record no. 129573)
[ view plain ]
| 000 -LEADER | |
|---|---|
| fixed length control field | 01573pam a2200421 i 4500 |
| 001 - CONTROL NUMBER | |
| control field | zcodcb b8878901 |
| 003 - CONTROL NUMBER IDENTIFIER | |
| control field | DLC |
| 005 - DATE AND TIME OF LATEST TRANSACTION | |
| control field | 20260326153515.0 |
| 007 - PHYSICAL DESCRIPTION FIXED FIELD--GENERAL INFORMATION | |
| fixed length control field | ta |
| 008 - FIXED-LENGTH DATA ELEMENTS--GENERAL INFORMATION | |
| fixed length control field | 251024s2026 nyu e 000 1 eng |
| 010 ## - LIBRARY OF CONGRESS CONTROL NUMBER | |
| LC control number | 2025018539 |
| 020 ## - INTERNATIONAL STANDARD BOOK NUMBER | |
| International Standard Book Number | 9781250377371 |
| Qualifying information | hardcover |
| 040 ## - CATALOGING SOURCE | |
| Original cataloging agency | DLC |
| Language of cataloging | eng |
| Description conventions | rda |
| Transcribing agency | DLC |
| Modifying agency | DLC-MRC |
| 042 ## - AUTHENTICATION CODE | |
| Authentication code | pcc |
| -- | cyac |
| 100 1# - MAIN ENTRY--PERSONAL NAME | |
| Personal name | Horne, Maggie, |
| Relator term | author. |
| Relator code | aut. |
| -- | http://id.loc.gov/vocabulary/relators/ aut |
| 9 (RLIN) | 55619 |
| 245 10 - TITLE STATEMENT | |
| Title | Freddie and Stella got hot / |
| Statement of responsibility, etc | Maggie Horne. |
| 250 ## - EDITION STATEMENT | |
| Edition statement | First edition. |
| 300 ## - PHYSICAL DESCRIPTION | |
| Extent | 336 pages ; |
| Dimensions | 22 cm. |
| 520 ## - SUMMARY, ETC. | |
| Summary, etc | Best friends Freddie and Stella scheme to get back at Levi, their ex-friend-turned-queen-bee, by stealing a coveted award, but as their plan starts to work, Freddie realizes Stella has become the real mean girl, and only Levi can help stop her. |
| 521 ## - TARGET AUDIENCE NOTE | |
| Target audience note | Ages 14-18 |
| Source | Feiwel and Friends. |
| 521 ## - TARGET AUDIENCE NOTE | |
| Target audience note | Grades 10-12 |
| Source | Feiwel and Friends. |
| 650 #0 - SUBJECT ADDED ENTRY--TOPICAL TERM | |
| Topical term or geographic name as entry element | Popularity |
| Form subdivision | Juvenile fiction. |
| 9 (RLIN) | 2711 |
| 650 #0 - SUBJECT ADDED ENTRY--TOPICAL TERM | |
| Topical term or geographic name as entry element | Best friends |
| Form subdivision | Juvenile fiction. |
| 650 #0 - SUBJECT ADDED ENTRY--TOPICAL TERM | |
| Topical term or geographic name as entry element | Friendship |
| Form subdivision | Juvenile fiction. |
| 650 #0 - SUBJECT ADDED ENTRY--TOPICAL TERM | |
| Topical term or geographic name as entry element | Preparatory schools |
| Form subdivision | Juvenile fiction. |
| 650 #0 - SUBJECT ADDED ENTRY--TOPICAL TERM | |
| Topical term or geographic name as entry element | Schools |
| Form subdivision | Juvenile fiction. |
| 650 #0 - SUBJECT ADDED ENTRY--TOPICAL TERM | |
| Topical term or geographic name as entry element | Gay people |
| Form subdivision | Juvenile fiction. |
| 9 (RLIN) | 42456 |
| 650 #1 - SUBJECT ADDED ENTRY--TOPICAL TERM | |
| Topical term or geographic name as entry element | Popularity |
| Form subdivision | Fiction. |
| 650 #1 - SUBJECT ADDED ENTRY--TOPICAL TERM | |
| Topical term or geographic name as entry element | Best friends |
| Form subdivision | Fiction. |
| 650 #1 - SUBJECT ADDED ENTRY--TOPICAL TERM | |
| Topical term or geographic name as entry element | Friendship |
| Form subdivision | Fiction. |
| 650 #1 - SUBJECT ADDED ENTRY--TOPICAL TERM | |
| Topical term or geographic name as entry element | Preparatory schools |
| Form subdivision | Fiction. |
| 650 #1 - SUBJECT ADDED ENTRY--TOPICAL TERM | |
| Topical term or geographic name as entry element | Schools |
| Form subdivision | Fiction. |
| 650 #1 - SUBJECT ADDED ENTRY--TOPICAL TERM | |
| Topical term or geographic name as entry element | LGBTQ+ people |
| Form subdivision | Fiction. |
| 9 (RLIN) | 41895 |
| 655 #7 - INDEX TERM--GENRE/FORM | |
| Genre/form data or focus term | Novels. |
| Source of term | lcgft |
| 655 #7 - INDEX TERM--GENRE/FORM | |
| Genre/form data or focus term | Fiction. |
| Source of term | lcgft |
| 907 ## - LOCAL DATA ELEMENT G, LDG (RLIN) | |
| a | .b514771306 |
| 942 ## - ADDED ENTRY ELEMENTS (KOHA) | |
| Source of classification or shelving scheme | Dewey Decimal Classification |
| Koha item type | Book |
| Withdrawn status | Lost status | Source of classification or shelving scheme | Damaged status | Not for loan | Home library | Current library | Date acquired | Total Checkouts | Full call number | Barcode | Date last seen | Cost, replacement price | Price effective from | Koha item type |
|---|---|---|---|---|---|---|---|---|---|---|---|---|---|---|
| Available | Dewey Decimal Classification | Martha's Vineyard High School Library | Martha's Vineyard High School Library | 03/26/2026 | FIC/HOR | 39844500071314 | 03/30/2026 | 20.00 | 03/26/2026 | Book |
